=LDR 00000nam 2200000 4500 =001 INLIS000000000059615 =005 20211118075219 =035 ##$$a 0010-1121000352 =007 ta =008 211118###########################0#ind## =082 ##$$a 350 =084 ##$$a 350 Sis s =245 ##$$a SANKRI (Sistem Administrasi Kesatuan Republik Indonesia ) : $b Buku II Dalam Perspektif Perkembangan Sejarah Jil.2 : Dari 1966 hingga 2004 =300 ##$$a x,578 halaman ; $c 22 cm =650 #4$$a Administrasi Negara =264 ##$$a jakarta :$b Lembaga Administrasi Negara,$c 2004 =336 ##$$a teks$2 rdacontent =337 ##$$a lain-lain$2 rdamedia =338 ##$$a lain-lain$2 rdacarrier =990 ##$$a 31113111